02682nam a2200313 i 4500001001000000003001000010005001700020007000300037008004100040020001800081040004700099041000800146082002100154100003900175242008600214245011900300264004700419264001200466300002700478336002700505337003300532338002800565500003900593500002300632505161000655563001402265600004902279650004002328768714001CO-MdFUSB20200908155403.0ta200324t2011 -us||||| |||| 00| 0 eng d a9780801045585 aCO-MdFUSBbspacCO-MdFUSBdCO-MdFUSBCerda aeng 223a225.92bB351 aBaur, Ferdinand Christian. eautor aPablo el Apostol de Jesucristo su trabajo, sus Epistolas y enseñanzaslinglès aPaul the apostle of Jesus Christ his life and Works b: His epistles and teachings.c/ Baur, Ferdinand Christian.  1aEstados Unidos :bBaker Academic, c[2011] 4c© 2011 a340 pàginasc; 22 cm 2rdacontentatextobtxt 2rdamediaasin mediaciónbn 2rdacarrieravolumenbnc aColección Dawn Christina Harrell a2 Volúmenes en 1 aVida y obra del apóstol Pablo, introducción - La iglesia en Jerusalén antes de la conversión del apóstol - Esteban, el predecesor del apóstol Pablo - La conversión del apóstol Pablo - El primer viaje misionero del apóstol - - Las transacciones entre el Apóstol Pablo y los Apóstoles mayores en Jerusalén - El segundo viaje misionero del Apóstol - El Apóstol en Atenas, Corinto, Éfeso - Su viaje a Jerusalén por Mileto - El arresto del Apóstol en Jerusalén - - El Apóstol en Roma - Su encarcelamiento y martirio - Pt. 2: Las Epístolas del Apóstol Pablo, introducción - La Epístola a los Gálatas - Las dos Epístolas a los Corintios - La Epístola a los Romanos - Volumen 2: Segunda clase de Epístolas Paulinas - Las Epístolas a los Efesios y Colosenses - La Epístola a los Filipenses - La Epístola a Filemón - Las Epístolas a los Tesalonicenses - Las Epístolas Pastorales - Observaciones generales sobre las Epístolas Paulinas más pequeñas - Pt. 3: La doctrina del Apóstol, introducción - El principio de la conciencia cristiana - La doctrina de la Justificación: en su aspecto negativo - La doctrina de la Justificación: en su aspecto positivo - Cristo como principio de la sociedad fundada por Él - La relación del cristianismo con el judaísmo y el paganismo - El cristianismo como un nuevo principio del desarrollo histórico del mundo - Fe, amor y esperanza: los tres factores de la conciencia cristiana - Discusión especial de ciertos puntos menores de doctrina - Sobre ciertos rasgos del carácter del Apóstol. aRústico 7aPablo,cApóstol xVida social y costumbres 0aBibliabEvidencias, autoridad, etc.